Brawl Stars: Tick Skins by Picture - Statistics

General Stats
  • This quiz has been taken 54 times
    13 since last reset
  • The average score is 6 of 12
Answer Stats
Picture Answer % Correct
Cerberus Tick
88%
Snowman Tick
75%
Headless Tickman
63%
King Crab Tick
63%
True Gold Tick
63%
True Silver Tick
63%
Mecha-Tick Ghidorah
50%
Mr. Krabs Tick
50%
Eggsplosion Tick
38%
Tick Shooky
38%
Mecha-Tick Ghidorah Dark
25%
Mecha-Tick Ghidorah Light
25%
No matching quizzes found
Score Distribution
Percent of People with Each Score
Percentile by Number Answered
Your Score History
You have not taken this quiz since the last reset